000 00825nam a22002057a 4500
999 _c17163
_d17163
003 AR-CdUCM
008 190507b ||||| |||| 00| 0 spa d
040 _aMUNICIPALIDAD PROVINCIAL DEL CUSCO
_cBIBLIOTECA MUNICIPAL DEL CUSCO
082 _a322.42 /
_bL99
100 _aLuxemburgo, RosaI.
_937024
245 _aHuelga de masas, partido y sindicatos /
_b
260 _aMéxico :
_bGrijalbo,
_c1970.
300 _a142 páginas ;
_c19 cm.
440 _aColección 70.
_n85
_937025
505 _aContenido :La revolución rusa, el anarquismo y la huelga de masas -- Primera revisión: la concepción general del problema -- La huelga de masas en el gran escenario de la revolución ...
650 _aSindicato de trabajadores.
_937026
650 _aHuelgas sociales.
_937027
942 _2ddc
_cLIBROS
945 _arum
_d2019-05-07